000 00427nam a2200169Ia 4500
999 _c1241
_d1241
003 OSt
005 20190915165519.0
008 190723s9999 xx 000 0 und d
020 _a978-0-07-070655-2.
040 _cmaju
100 _aFrank S.Budnick
245 0 _aApplied Mathematics for Business Economics and Social Science
250 _a4th
260 _aIndia
_bMcGraw Hill
_c2014
300 _a993
942 _cBK
_2ddc